Responses for show #5116 - Monday, December 4, 2006

Contestants

[<< previous game]

Bob Hutton, a grad student originally from Glade Spring, Virginia

Sue Bryant, a stay-at-home mom from Ellicott City, Maryland

Sean Dillon, a college instructor from Pasadena, California (whose 1-day cash winnings total $23,100)

[next game >>]

Jeopardy! Round responses

THE CHRISTIAN WORLD
DEAD, CONSCIOUS OR IN BETWEEN
(Alex: You have to tell us what condition each character was--was in at the end of the movie.)
SMART STUPID ANSWERS
"J" WALKING
AROUND LOS ANGELES
ON FOOT
    $200 3
(Sue: What is the Church of England?)

the Church of Scotland

SeanSue
    $200 4
dead

Bob
    $200 21
Charles Chaplin

Sean
    $200 24
Jumbo the Elephant

Sean
    $200 1
the Los Angeles Coliseum

Sean
    $200 13
sole

Bob
    $400 5
(Alex: Cebu in the [*].)

Philippines

Triple Stumper
    $400 9
(Bob: What is alive--or I'm sorry--[*]?)

conscious

Bob
    $400 22
Babe Ruth

Sue
    $400 25
Jupiter

Bob
    $400 2
the 1960s

Bob
    $400 14
(Bob: What is foul?)
(Sean: What is a fault?)
(Alex: Be more specific.)
(Sean: What is [*]?)

a foot fault

SeanBob
    $600 6
Quebec

Bob
    $600 10
(Alex: Yes. He's frozen.)

in between

Sue
    $600 23
(Sean: What is amour?)
...
(Alex: Notice the spelling of Miss Pressly's first name. If you translate that or use those letters in French--[*]. [*]--"I love.")

J'Aime

Sean
Triple Stumper
    $600 26
jackalope

Sean
    $600 16
Studio City

Sean
    $600 15
(Sean: What is one foot?)
...
(Alex: Correct response--what is [*]? [*] feet.)

two

Sean
Triple Stumper
    $800 7
the Episcopalian Church

Bob
    $800 11
(Sean: What is conscious?)
...
(Alex: [*]--he's in a coma.)

in between

SeanBob
    $800 29
(Sean: Who is Benjamin Franklin?)

Thomas Paine

SeanBob
    $500 27
Jamaica

Sean
    $800 17
Staples Center

Sue
    $800 19
trench foot

Sean
    $1000 8
(Bob: What is St. Petersburg?)
...
(Alex: Archbishop of [*], or [*], if you prefer.)

Constantinople (or Istanbul)

Bob
Triple Stumper
    $1000 12
dead

Bob
    $1000 30
(Alex: And that would be [*]--Mike Rowe, [*].)

Microsoft

Triple Stumper
    $1000 28
a junta

Sean
    $1000 18
Laurel Canyon

Sean
    $1000 20
hoof-and-mouth disease

Sean

Scores at the first commercial break (after clue 15):

Sean Sue Bob
-$600 $400 $3,000

Scores at the end of the Jeopardy! Round:

Sean Sue Bob
$3,900 $1,600 $4,200

Double Jeopardy! Round responses

ASTRONOMY
SPORTS PEOPLE
SIEGES
COLLEGES & UNIVERSITIES
BEASTLY LIT
OTHER ALPHABETS' LETTERS
    $400 2
asteroids

Sue
    $400 17
(Bob: What is Heime? Who was Heime?)
...
(Alex: You were--you were kind of close. Her name was [*], not Heime. [*].)

Sonja Henie

Bob
Triple Stumper
    $400 12
Sarajevo

Bob
    $400 7
the California Institute of Technology

Sean
    $400 1
Rabbit

Sean
    $400 22
zeta

Sean
    $800 19
hydrogen and helium

Bob
    $800 18
(Bronko) Nagurski

Sean
    $800 13
Cyprus

Bob
    $800 8
Champlain

Sue
    $800 3
Bear

Sue
    $800 23
alef and bet

Sean
    $1200 20
the Southern Cross

Sue
    $1200 25
Harry Caray

Bob
    $1200 14
(Bob: What is Hungary?)
(Sean: What is Austria?)

Poland

SeanBob
Triple Stumper
    $1200 9
Kathmandu

Bob
    $1200 4
Dog

Sue
    $1200 24
Korean

Bob
    $1600 21
(Alex: And that would be the [*].)

Cassini Division

Triple Stumper
    $1600 27
cricket

Bob
    $1600 15
the Crimean War

Bob
    $1600 10
Oxford

Sean
    $1600 5
(Alex: We'll Always Have [*].)

Parrots

Triple Stumper
    $1600 29
chi and rho

Bob
    $2000 26
(Bob: Who is Halley?
...
(Alex: Sounds like Halley. His name is [*]--[*]'s Beads.)

Francis Baily

Bob
Triple Stumper
    $2000 28
(Alex: Head of the NFL was [*].)

Pete Rozelle

Triple Stumper
    $2,500 16
Venice

Bob
    $2000 11
(Alex: And that would be [*].)

Swarthmore College

Triple Stumper
    $2000 6
(Bob: What is dogs?)

Lions

SueBob
    $3,000 30
(Bob: What is the Arabic?)
...
(Alex: What is the [*] alphabet?)

the Thai or Siamese alphabet

Bob

Scores at the end of the Double Jeopardy! Round:

Sean Sue Bob
$7,100 $8,000 $8,500

[wagering suggestions for these scores]

Final Jeopardy! Round responses

THE 1950s
SeanWho is Joseph McCarthy?
$0
SueWho was Eisenhower?
$6,500
BobWho is Murrow
$4,000
Edward R. Murrow

Final scores:

Sean Sue Bob
$7,100 $1,500 $12,500
2nd place: $2,000 3rd place: $1,000 New champion: $12,500

Game dynamics:

Coryat scores:

Sean Sue Bob
$7,400 $8,000 $11,000
18 R
(including 1 DD),
5 W
9 R,
1 W
20 R
(including 1 DD),
7 W
(including 1 DD)

Combined Coryat: $26,400

The J! Archive is created by fans, for fans. The Jeopardy! game show and all elements thereof, including but not limited to copyright and trademark thereto, are the property of Jeopardy Productions, Inc. and are protected under law. This website is not affiliated with, sponsored by, or operated by Jeopardy Productions, Inc. Join the discussion at JBoard.tv.